| 000 | 00798nam a2200253 a 4500 | ||
|---|---|---|---|
| 001 | 54424 | ||
| 003 | BD-RjUL | ||
| 005 | 20211209080122.0 | ||
| 008 | 161106r19861980enk b 001 0 eng d | ||
| 020 | _a041215370X | ||
| 035 | _a(BD-RjUL)54546 | ||
| 040 |
_aBD-RjUL _beng _cBD-RjUL |
||
| 041 | _aeng | ||
| 082 |
_a519.5 _223 _bCOP 1986 |
||
| 090 | _aHA29.COX | ||
| 100 | 1 |
_aCox, D. R. _q(David Roxbee) _9154564 |
|
| 245 | 1 | 0 |
_aProblems and solutions in theoretical statistics / _cD.R. Cox, D.V. Hinkley. |
| 260 |
_aLondon : _bChapman and Hall, _c1978 [Reprint 1986]. |
||
| 300 |
_aiv, 193 p. ; _c24 cm. |
||
| 504 | _aIncludes Bibliographical References and Index | ||
| 650 | 0 |
_aMathematical statistics _xProblems, exercises, etc. _9118592 |
|
| 700 | 1 |
_aHinkley, D. V. _9162423 |
|
| 942 |
_2ddc _cBK |
||
| 999 |
_c54424 _d54424 |
||